Elenca la formazione - Quiz n°245 - Statistics

Statistiche generali
  • Questo quiz è stato fatto 32 volte
  • Il punteggio medio è 8 su 11
Statistiche sulle risposte
Ruolo Club dell'epoca Calciatore % Corretto
Portiere Real Madrid Iker Casillas
100%
Centrocampista Barcellona Andrés Iniesta
96%
Difensore Barcellona Carles Puyol
96%
Attaccante Liverpool Fernando Torres
96%
Centrocampista Barcellona Xavi
96%
Difensore Real Madrid Sergio Ramos
89%
Centrocampista Arsenal Cesc Fàbregas
70%
Centrocampista Valencia David Silva
52%
Difensore Villarreal Joan Capdevila
48%
Mediano Villarreal Marcos Senna
41%
Difensore Valencia Carlos Marchena
11%
Nessun quiz corrispondente trovato
Distribuzione punteggi
Percentuale di utenti per punteggio
Percentile per numero di risposta
I tuoi punteggi nel tempo
Non hai fatto questo quiz